000 00668nam a2200181Ia 4500
008 100921s9999 xx 000 0 und d
082 _b3082
_a920.72 थ 58
100 _aक्षीरसागर शंकर धोंडो.
245 _aसती सावित्री.
260 _bक्षीरसागर शंकर धोंडो,सातारा.
_c1958
300 _a64
_b---
365 _b0.5
520 _aचरित्रे-स्त्रयिा.
630 _aसती सावित्री.
650 _aचरित्रे-स्त्रयिा.
730 _aसती सावित्री.
942 _cBOOK
999 _c752195
_d752192